000 00453nam a2200169Ia 4500
008 230917s9999||||xx |||||||||||||| ||und||
020 _cRS995
040 _e224760
_aMAIN
041 _aEnglish
082 _a327.54058 R812E
100 _aRoy, Meena Singh
245 0 _aEmerging trends in West Asia
260 _aNew Delhi
_bPentagon Press
_c2014
300 _axxiii, 294 p.
500 _a1966 09/02/2015 IBS 211 17/02/2015 Main Budget
942 _cBK
999 _c14670
_d14670